00713nam a2200217Ia 4500003000900000008004100009020002200050040001600072080001800088100002900106245005100135260002700186300001500213650003100228650002300259650002300282700003500305942000700340999001700347952013100364IN-BaIIA211028s9999 xx 000 0 eng d a978-81-265-1931-6 cIIA Library a681.3.01bPAD aPadmanabhan, T. R935421 0aDesign through verilog HDLcT. R. Padmanabhan  aNew DelhibWileyc2010 axii, 455p. aEmbeded programming935422 aVerilog HDL935423 aVLSI design919248 aB. Bala Tripura Sundari935424 cBK c18444d18444 00104070aBANbBANcGENd2012-11-26eSIP g399.00l0o681.3.01/ PADp19366r2021-11-05v399.00w2012-11-26yBKGRs. 399.00